Paesi al meridiano est di 90 gradi - Statistics

Statistiche generali
  • Questo quiz è stato fatto 21 volte
  • Il punteggio medio è 18 su 20
Statistiche sulle risposte
gradi nazione % Corretto
Cina
100%
India
100%
Russia
100%
Bhutan
95%
5.01° Indonesia
95%
10.07° Laos
95%
Mongolia
95%
12.11° Vietnam
95%
Bangladesh
90%
2.15° Birmania
90%
12.32° Cambogia
90%
1.81° Nepal
90%
14.70° Pakistan
90%
8.13° Sri Lanka
90%
7.30° Thailandia
90%
2.71° Kazakistan
85%
9.63° Malesia
80%
14.95° Tagikistan
75%
9.86° Kirghizistan
70%
13.60° Singapore
70%
Nessun quiz corrispondente trovato
Distribuzione punteggi
Percentuale di utenti per punteggio
Percentile per numero di risposta
I tuoi punteggi nel tempo
Non hai fatto questo quiz